[Event "Metropolitan Qual 22nd"]
[Site "Los Angeles"]
[Date "2012.08.04"]
[Round "2"]
[White "Kurosaki, Takashi"]
[Black "Purcell, Brendan"]
[Result "1/2-1/2"]
[WhiteElo "2147"]
[BlackElo "2041"]
[PlyCount "148"]
[EventDate "2012.08.03"]
[EventType "swiss"]
[EventRounds "5"]
[EventCountry "USA"]
[SourceTitle "EXT 2014"]
[Source "ChessBase"]
[SourceDate "2013.11.20"]
[SourceVersion "1"]
[SourceVersionDate "2013.11.20"]
[SourceQuality "1"]

1. c4 c6 2. Nf3 d5 3. e3 Nf6 4. Qc2 g6 5. b3 Bg7 6. Bb2 0-0 7. Be2 Bg4 8. h3 Bxf3 9. Bxf3 Nbd7 10. 0-0 e5 11. d3 Re8 12. Nd2 Rc8 13. Rac1 Nc5 14. Rfd1 d4 15. exd4 exd4 16. Re1 Qd7 17. Nf1 h5 18. Rcd1 Rcd8 19. Ba3 Ne6 20. Bc1 c5 21. Ng3 b6 22. Re2 Nc7 23. Rde1 Rxe2 24. Rxe2 Re8 25. Qd1 Bf8 26. Bg5 Nh7 27. Bd2 Nf6 28. Qe1 Bd6 29. Rxe8+ Qxe8 30. Qxe8+ Ncxe8 31. Bc6 Nc7 32. Ne4 Nxe4 33. Bxe4 Ne6 34. g3 Kg7 35. h4 f5 36. Bd5 Nc7 37. Bb7 f4 38. Kg2 fxg3 39. fxg3 Ne8 40. Kf3 Bc7 41. Bc8 Kf7 42. Bd7 Ng7 43. Bf4 Bxf4 44. Kxf4 Kf6 45. Ke4 g5 46. a4 gxh4 47. gxh4 Ne6 48. Bc8 Nc7 49. a5 Ne6 50. Bxe6 Kxe6 51. a6 Kd6 52. Kf5 Kd7 53. Kg6 Ke6 54. Kxh5 Kf5 55. Kh6 Kf4 56. Kg6 Ke3 57. h5 Kxd3 58. h6 Kc2 59. h7 d3 60. h8Q d2 61. Qh2 Kc1 62. Qf4 Kc2 63. Qf2 Kc1 64. Qe3 Kc2 65. Qe2 Kc1 66. b4 d1Q 67. Qxd1+ Kxd1 68. bxc5 bxc5 69. Kf6 Kc2 70. Ke5 Kc3 71. Kd5 Kb4 72. Kc6 Kxc4 73. Kb7 Kb3 74. Kxa7 c4 1/2-1/2

[Event "Los Angeles Metropolitan 18th"]
[Site "Los Angeles"]
[Date "2012.04.14"]
[Round "6"]
[White "Purcell, Brendan"]
[Black "Kavutskiy, Konstantin"]
[Result "1/2-1/2"]
[WhiteElo "2015"]
[BlackElo "2302"]
[PlyCount "141"]
[EventDate "2012.04.11"]
[EventType "tourn"]
[EventRounds "9"]
[EventCountry "USA"]
[EventCategory "2"]
[SourceTitle "CBM 148 Extra"]
[Source "ChessBase"]
[SourceDate "2012.06.22"]
[SourceVersion "1"]
[SourceVersionDate "2012.06.22"]
[SourceQuality "1"]

1. e4 e5 2. Nf3 Nc6 3. Bb5 a6 4. Ba4 Nf6 5. 0-0 b5 6. Bb3 Bb7 7. Re1 Bc5 8. c3 0-0 9. d4 Bb6 10. Bg5 h6 11. Bh4 d6 12. a4 g5 13. Bg3 Re8 14. axb5 axb5 15. Rxa8 Bxa8 16. Na3 Na5 17. Bc2 exd4 18. Nxb5 dxc3 19. Nxc3 Nh5 20. Nd4 Nxg3 21. hxg3 Qf6 22. Nf5 Re5 23. Qh5 Kh7 24. Ra1 Bb7 25. Nd5 Qg6 26. Qd1 Bxd5 27. exd5 Rxf5 28. g4 Qf6 29. Bxf5+ Kg7 30. Qc2 Nb7 31. Rd1 Qe5 32. Qc3 Kf6 33. Re1 Qxc3 34. bxc3 Ba5 35. Re3 Nc5 36. Kf1 Na4 37. c4 Nb6 38. Bd3 Nd7 39. Rf3+ Kg7 40. Be2 Ne5 41. Rb3 Bb6 42. g3 Ng6 43. Kg2 Kf6 44. Bd3 Ne5 45. f3 Bc5 46. Be2 Ng6 47. Kh3 Ke5 48. Rd3 Bb6 49. Rd1 Be3 50. Bd3 Nf8 51. Bf5 Bb6 52. Re1+ Kd4 53. Re4+ Kc3 54. Re8 Ng6 55. Bxg6 fxg6 56. Re4 Kd3 57. Re6 Kxc4 58. Rxg6 Kxd5 59. Rxh6 c5 60. f4 c4 61. Kg2 c3 62. Kf3 c2 63. Rh1 Kc4 64. Rc1 Kd3 65. Rxc2 Kxc2 66. Ke4 Kc3 67. Kd5 Bf2 68. fxg5 Bxg3 69. g6 Be5 70. g7 Bxg7 71. Kxd6 1/2-1/2

[Event "San Francisco TNM Spring op"]
[Site "San Francisco"]
[Date "2006.04.04"]
[Round "2"]
[White "Moore, Randolph"]
[Black "Purcell, Brendan"]
[Result "0-1"]
[WhiteElo "1508"]
[BlackElo "1891"]
[PlyCount "66"]
[EventDate "2006.03.28"]
[EventType "swiss"]
[EventRounds "8"]
[EventCountry "USA"]
[SourceTitle "EXT 2007"]
[Source "ChessBase"]
[SourceDate "2006.11.23"]
[SourceVersion "1"]
[SourceVersionDate "2006.11.23"]
[SourceQuality "1"]

1. d4 d5 2. Nc3 Nf6 3. Bg5 Bf5 4. f3 c6 5. e4 dxe4 6. Bxf6 exf6 7. fxe4 Bg6 8. Bc4 Bb4 9. Qd3 Qe7 10. 0-0-0 Bxc3 11. Qxc3 Bxe4 12. Re1 f5 13. Nf3 0-0 14. Rhg1 Qd6 15. Ng5 Bd5 16. Bd3 Nd7 17. Kb1 g6 18. h3 Rae8 19. Be2 Nf6 20. g4 f4 21. h4 Re3 22. Qd2 Rfe8 23. c4 Ne4 24. Qd1 Nxg5 25. cxd5 Qxd5 26. hxg5 Qe4+ 27. Bd3 Rxe1 28. Bxe4 Rxd1+ 29. Rxd1 Rxe4 30. Rd3 f3 31. Rxf3 Rxg4 32. Rd3 Rxg5 33. Kc2 h5 0-1

[Event "San Francisco Bernardo Smith Memorial"]
[Site "San Francisco"]
[Date "2005.08.20"]
[Round "2"]
[White "Purcell, Brendan"]
[Black "Luke, Gary"]
[Result "0-1"]
[WhiteElo "1825"]
[BlackElo "1820"]
[PlyCount "110"]
[EventDate "2005.08.20"]
[EventType "swiss"]
[EventRounds "6"]
[EventCountry "USA"]
[SourceTitle "EXT 2007"]
[Source "ChessBase"]
[SourceDate "2006.11.23"]
[SourceVersion "1"]
[SourceVersionDate "2006.11.23"]
[SourceQuality "1"]

1. e4 c5 2. Nf3 Nc6 3. d4 cxd4 4. Nxd4 e5 5. Nb5 a6 6. Nd6+ Bxd6 7. Qxd6 Qf6 8. Qd1 d6 9. Nc3 Be6 10. Be3 Nge7 11. Qd2 Qg6 12. 0-0-0 Rd8 13. f3 0-0 14. Nd5 f5 15. Bg5 Rfe8 16. Nc7 Rf8 17. Nxe6 Qxe6 18. b3 b5 19. exf5 Rxf5 20. Bd3 Rf7 21. Bxe7 Nxe7 22. Qa5 Qc8 23. Be4 d5 24. Qd2 Rff8 25. Bd3 e4 26. Be2 e3 27. Qxe3 Nf5 28. Qd2 d4 29. Bd3 Ne3 30. Rde1 Qc5 31. Be4 Rc8 32. Rxe3 dxe3 33. Qd5+ Rf7 34. Qxc5 Rxc5 35. Re1 Rc3 36. Bd5 Kf8 37. Bxf7 Kxf7 38. Rd1 Ke6 39. Rd3 e2 40. Kd2 Rxc2+ 41. Ke1 Rxa2 42. Re3+ Kd5 43. Re7 a5 44. Rxg7 a4 45. bxa4 b4 46. Rxh7 b3 47. Rb7 b2 48. h4 Ra1+ 49. Kxe2 b1Q 50. Rxb1 Rxb1 51. g4 Ke5 52. h5 Kf4 53. a5 Ra1 54. h6 Rxa5 55. h7 Ra8 0-1